1603 1948 1024 1193 1001 1714 1631 1737 1306 1829 1895 1265 1207 1417 1289 1351 1858 1246 1607 1337 1592 1549 1431 1246 1969 1105 1650 1080 1241 1657 1001 1423 1307 1742 1109 1524 1129 1924 1359 1298 1246 1191 1774 1753 1769 1545 1418 1629 1638 1640 1449 1449 1236 1139 1544 1923 1841 1686 1385 1628 1849 1925 1142 1993 1925 1527 1796 1954 1349 1627 1530 1683 1664 1984 1807 1204 1785 1922 1684 1707 1547 1983 1210 1375 1028 1453 1552 1929 1504 1265 1524 1967 1599 1236 1803 1891 1177 1692 1810 BCNSPRNW ULIB Ver.6.0+V

เปลี่ยนเป็นภาษาไทย

Change to English
 แสดงรายละเอียดบรรณานุกรม
  กลับหน้าหลัก

Brief Record : Get Marc (ISO 2709) : E-mail record : QR code < ปิดหน้าต่าง
LEADER : 00000nam 2200000uu 4500
001    13399120929
003     ULIB
008    121026s2549||||th 000 0 tha d
020    ^a9749554108
050  4 ^aHA62^bน197ว
245 00 ^aวิธีการวิจัยเบื้องต้น /^cคณะศิลปศาสตร์และวิทยาศาสตร์ มหาวิทยาลัยธุรกิจบัณฑิตย์
250    ^aพิมพ์ครั้งที่ 4
260    ^aกรุงเทพฯ :^bโรงพิมพ์มหาวิทยาลัยธุรกิจ,^c2549
300    ^a236 หน้า :^bภาพประกอบ ;^c27 ซม.
650  4 ^aวิจัย
710 2  ^aคณะศิลปศาสตร์และวิทยาศาตร์. ^bมหาวิทยาลัยธุกิจบัณฑิตย์
945    ^p145^l0^i14400
995    ^aทศพร
999    ^aทศพร เกษรทอง
รายการนี้ยังไม่มีแท็ก
คุณยังไม่ได้ล็อกอิน คุณสามารถมีกิจกรรมร่วมกับเว็บไซต์ได้ แต่ต้องล็อกอินก่อน ::
  ล็อกอิน

รายการสื่อสารสนเทศ

ลำดับที่ ประเภท เลขเรียก/บาร์โค้ด สถานที่ สถานะ
1. วิทยาศาสตร์การแพทย์ และสุขภาพ
วิทยาศาสตร์การแพทย์ และสุขภาพ
HA62 น197ว ฉ.1 
  Barcode: 14400
ห้องสมุดวิทยาเขตสวรรค์ประชารักษ์
►หนังสือทั่วไป
บนชั้น

รายการใกล้เคียง
    หัวเรื่อง [วิจัย]

BibComment


ยังไม่เคยถูกคอมเมนท์

คอมเมนท์ทรัพยากรรายการนี้
  คอมเมนท์: วิธีการวิจัยเบื้..


 Copyright 2026. Bcnsprnw @Library